Geography of Morocco Quiz - Statistics

General Stats
  • This quiz has been taken 548 times
  • The average score is 14 of 20
Answer Stats
Question Answer % Correct
What is the national capital of Morocco? Rabat
98%
What is the most populous city in Morocco? Casablanca
96%
What major disputed region does Morocco claim? Western {Sahara}
96%
What strait is located between Morocco and Europe? Strait of {Gibraltar}
92%
What foreign language is spoken by about 32% of the population? French
90%
What mountain range stretches from Morocco to Tunisia? Atlas
89%
What does the name of the above literally mean? (Hint: a Washington D.C. landmark) White House
86%
What is the name of the indigenous people of Morocco? Berber
83%
In what city could one find the "Jemaa el-Fnaa" market square? Marrakesh
81%
In what region of North Africa, starting with M, is Morocco located? Maghreb
80%
What Spanish archipelago is located on the western coast of Morocco? Canary Islands
79%
Name one of the two Spanish cities that are located in Morocco. Ceuta | Melilla
74%
What is the northernmost major city of Morocco? Tangier
73%
What extinct species is the national animal of Morocco? Barbary {Lion}
60%
What K word refers to a fortress or keep? Kasbah
46%
What is another name for the above? Amazigh
39%
What three-letter mountain range covers the northernmost parts of Morocco? Rif
37%
What Moroccan city is known for its buildings in shades of blue? Chefchaouen
36%
In the "Hotel des Iles" of what E resort town did Orson Welles meet Winston Churchill? Essaouira
25%
What part of the Mediterranean Sea does Morocco border? Alboran Sea
19%
No matching quizzes found
Score Distribution
Percent of People with Each Score
Percentile by Number Answered
Your Score History
You have not taken this quiz